La economía de los argentinos (Registro nro. 5014)

Detalles MARC
000 -LEADER
fixed length control field 01342 a2200229 4500
001 - CONTROL NUMBER
control field 52892
005 - DATE AND TIME OF LATEST TRANSACTION
control field 20260407155803.0
008 - FIXED-LENGTH DATA ELEMENTS--GENERAL INFORMATION
fixed length control field 260407a2003 arg spa d
003 - CONTROL NUMBER IDENTIFIER
control field AR-UNSa-BCEJYS
040 ## - CATALOGING SOURCE
Original cataloging agency AR-UNSa-BCEJYS
Language of cataloging spa
Transcribing agency AR-UNSa-BCEJYS
080 ## - UNIVERSAL DECIMAL CLASSIFICATION NUMBER
Universal Decimal Classification number 330(82)
Common auxiliary subdivision Economia Argentina
020 ## - INTERNATIONAL STANDARD BOOK NUMBER
International Standard Book Number 950-49-1067-X
041 ## - LANGUAGE CODE
Language code of text/sound track or separate title spa
100 1# - MAIN ENTRY--PERSONAL NAME
Personal name Sturzenegger, Federico
245 10 - TITLE STATEMENT
Title La economía de los argentinos
Name of part/section of a work reglas de juego para una sociedad próspera y justa
264 #1 - PRODUCTION, PUBLICATION, DISTRIBUTION, MANUFACTURE, AND COPYRIGHT NOTICE
Place of production, publication, distribution, manufacture Buenos Aires :
Name of producer, publisher, distributor, manufacturer Planeta
Date of production, publication, distribution, manufacture, or copyright notice 2003
300 ## - PHYSICAL DESCRIPTION
Extent 284 p.
Dimensions 23 cm.
505 ## - FORMATTED CONTENTS NOTE
Formatted contents note 1. La tragedia argentina - 2. Wall Street 1 - Argentina 0 - 3. Máquinas, educación y tecnología - 4. Borges nos explica por qué integrarnos al mundo - 5. La desaparición de la clase media - 6. El carnaval del Mercosur - 7. Por qué los macroeconomistas nunca se ponen de acuerdo - 8. Los desafíos de un mundo globalizado - 9. El romance de los economistas con el mercado - 10. Maldito monopolio - 11. Por qué tenemos que pagar impuestos - 12. Medir lo invisible - 13. Crimen y corrupción - 14. Privatizaciones: ¿Bendición o condena? - 15. La política económica para una Argentina en democracia
590 ## - LOCAL NOTE (RLIN)
Local note niveau_biblio:m niveau_hierar:0
856 41 - ELECTRONIC LOCATION AND ACCESS
Uniform Resource Identifier <a href="https://www.biblioeco.unsa.edu.ar/pmb/images/libros/L128294.jpg">https://www.biblioeco.unsa.edu.ar/pmb/images/libros/L128294.jpg</a>
Link text Imagen de portada
Electronic format type image/jpeg
942 ## - ADDED ENTRY ELEMENTS (KOHA)
Koha item type
Existencias
Withdrawn status Lost status Damaged status Not for loan Home library Current library Shelving location Date acquired Total checkouts Full call number Barcode Date last seen Price effective from Koha item type
        Biblioteca Prof. Eusebio Cleto del Rey Biblioteca Prof. Eusebio Cleto del Rey   07/04/2026   330(82) S935 L128294 07/04/2026 07/04/2026 Libro